Dancing home / (Record no. 52)

MARC details
000 -LEADER
fixed length control field 01254nam a22003377a 4500
001 - CONTROL NUMBER
control field 52
003 - CONTROL NUMBER IDENTIFIER
control field FISKH
005 - DATE AND TIME OF LATEST TRANSACTION
control field 20231211152427.0
008 - FIXED-LENGTH DATA ELEMENTS--GENERAL INFORMATION
fixed length control field 230217b cb ||||| |||| 00| 0 eng d
020 ## - INTERNATIONAL STANDARD BOOK NUMBER
International Standard Book Number 9780545477536
040 ## - CATALOGING SOURCE
Original cataloging agency DLC
Transcribing agency DLC
Modifying agency DLC
042 ## - AUTHENTICATION CODE
Authentication code lcac
050 00 - LIBRARY OF CONGRESS CALL NUMBER
Classification number PZ7.A1857
Item number Dal 2011
082 00 - DEWEY DECIMAL CLASSIFICATION NUMBER
Classification number 468
100 1# - MAIN ENTRY--PERSONAL NAME
Personal name Ada, Alma Flor.
245 10 - TITLE STATEMENT
Title Dancing home /
Statement of responsibility, etc. Alma Flor Ada and Gabriel M. Zubizarreta.
250 ## - EDITION STATEMENT
Edition statement 1st ed.
260 ## - PUBLICATION, DISTRIBUTION, ETC.
Place of publication, distribution, etc. New York :
Name of publisher, distributor, etc. Atheneum Books for Young Readers,
Date of publication, distribution, etc. c2011.
300 ## - PHYSICAL DESCRIPTION
Extent 147 p. ;
Dimensions 22 cm.
500 ## - GENERAL NOTE
General note Based on the poem A Margarita by Rubén Darío.
520 ## - SUMMARY, ETC.
Summary, etc. When Margie's cousin Lupe comes from Mexico to live in California with Margie's family, Lupe must adapt to America, while Margie, who thought it would be fun to have her cousin there, finds that she is embarrassed by her in school and jealous of her at home.
521 1# - TARGET AUDIENCE NOTE
Target audience note 960
Source Lexile
650 #0 - SUBJECT ADDED ENTRY--TOPICAL TERM
Topical term or geographic name entry element Mexican Americans
Geographic subdivision California
Form subdivision Juvenile fiction.
650 #1 - SUBJECT ADDED ENTRY--TOPICAL TERM
Topical term or geographic name entry element Mexican Americans
Form subdivision Fiction.
650 #1 - SUBJECT ADDED ENTRY--TOPICAL TERM
Topical term or geographic name entry element Family life
Form subdivision Fiction.
650 #1 - SUBJECT ADDED ENTRY--TOPICAL TERM
Topical term or geographic name entry element Cousins
Form subdivision Fiction.
650 #1 - SUBJECT ADDED ENTRY--TOPICAL TERM
Topical term or geographic name entry element Fathers and daughters
Form subdivision Fiction.
700 1# - ADDED ENTRY--PERSONAL NAME
Personal name Zubizarreta, Gabriel M.
906 ## - LOCAL DATA ELEMENT F, LDF (RLIN)
a 7
b cbc
c orignew
d 1
e ecip
f 20
g y-gencatlg
942 ## - ADDED ENTRY ELEMENTS (KOHA)
Source of classification or shelving scheme Library of Congress Classification
Koha item type Books
Suppress in OPAC No
Holdings
Withdrawn status Lost status Source of classification or shelving scheme Damaged status Not for loan Collection Home library Current library Shelving location Date acquired Total Checkouts Full call number Barcode Date last seen Copy number Price effective from Koha item type
    Library of Congress Classification     Fiction Footprints International School Library Network Toul Kork Campus Footprints International School Library Network Toul Kork Campus   02/17/2023   Ada 468 PZ7.A1857 FISSE01469 02/17/2023 1 02/17/2023 Books
    Library of Congress Classification     Fiction Footprints International School Library Network Toul Kork Campus Footprints International School Library Network Toul Kork Campus   02/17/2023   Ada 468 PZ7.A1857 FISTK04795 03/20/2023 2 02/17/2023 Books
    Library of Congress Classification     Fiction Footprints International School Library Network Toul Kork Campus Footprints International School Library Network Toul Kork Campus   02/17/2023   ADA 468 PZ7.A1857 FISTK05370 03/20/2023 3 02/17/2023 Books